(1) Martin Mortimer (2) Jocelyn Mortimer v (1) Colin Bailey (2) Pamela Waterton-Bailey (Record no. 74773)
[ view plain ]
| 000 -LEADER | |
|---|---|
| fixed length control field | 01153cab a2200181 4500 |
| 001 - CONTROL NUMBER | |
| control field | ABS68661 |
| 008 - FIXED-LENGTH DATA ELEMENTS--GENERAL INFORMATION | |
| fixed length control field | 050127n2005 000 0 eng u |
| 035 ## - SYSTEM CONTROL NUMBER | |
| System control number | (Sirsi) u128654 |
| 041 ## - LANGUAGE CODE | |
| Language code of text/sound track or separate title | eng |
| 245 ## - TITLE STATEMENT | |
| Title | (1) Martin Mortimer (2) Jocelyn Mortimer v (1) Colin Bailey (2) Pamela Waterton-Bailey |
| 260 ## - PUBLICATION, DISTRIBUTION, ETC. | |
| Date of publication, distribution, etc. | 2005 |
| 520 ## - SUMMARY, ETC. | |
| Summary, etc. | [2004] EWCA Civ 1514, 29 October 2004. Considered an appeal by the appellants (B) against a mandatory injunction sought by the respondents (M). The issue was whether M should be barred from obtaining a final injunction on the grounds of delay. M had not sought an interlocutory injunction as soon as he knew that a building was being erected on neighbouring land, but had made it clear that he objected to that construction as a breach of a restrictive covenant binding both properties. "Held": the appeal was dismissed. |
| 590 ## - LOCAL NOTE (RLIN) | |
| Local note | ABS |
| 650 ## - SUBJECT ADDED ENTRY--TOPICAL TERM | |
| Topical term or geographic name entry element | MORTIMER AND ANOTHER V BAILEY AND ANOTHER |
| 690 ## - LOCAL SUBJECT ADDED ENTRY--TOPICAL TERM (OCLC, RLIN) | |
| Topical term or geographic name as entry element | PROPERTY-RESIDENTIAL PROPERTY-RESIDENTIAL PROPERTY DEVELOPMENT |
| 856 ## - ELECTRONIC LOCATION AND ACCESS | |
| Uniform Resource Identifier | <a href="https://www.bailii.org/cgi-bin/markup.cgi?doc=/ew/cases/EWCA/Civ/2004/1514.html">https://www.bailii.org/cgi-bin/markup.cgi?doc=/ew/cases/EWCA/Civ/2004/1514.html</a> |
| Public note | View the judgment at www.bailii.org... |
| 942 ## - ADDED ENTRY ELEMENTS (KOHA) | |
| Suppress in OPAC | 0 |
| Withdrawn status | Lost status | Source of classification or shelving scheme | Damaged status | Not for loan | Home library | Current library | Shelving location | Date acquired | Total Checkouts | Full call number | Barcode | Date last seen | Copy number | Price effective from | Koha item type |
|---|---|---|---|---|---|---|---|---|---|---|---|---|---|---|---|
| Dewey Decimal Classification | Virtual | Virtual | Online | 27/01/2005 | ONLINE PUBLICATION | 128654-2001 | 06/08/2019 | 1 | 06/08/2019 | Law report |